| 000 -LEADER |
| fixed length control field |
00845nam a2200229 a 4500 |
| 001 - CONTROL NUMBER |
| control field |
:::00014034$&:&@@ |
| 003 - CONTROL NUMBER IDENTIFIER |
| control field |
OkBaRHE |
| 005 - DATE AND TIME OF LATEST TRANSACTION |
| control field |
20100324155952.0 |
| 008 - FIXED-LENGTH DATA ELEMENTS--GENERAL INFORMATION |
| fixed length control field |
s1981 j 000 0 eng u |
| 040 ## - CATALOGING SOURCE |
| Transcribing agency |
|
| 100 1# - MAIN ENTRY--PERSONAL NAME |
| Personal name |
Barth, Karl, 1886-1968. |
| 245 10 - TITLE STATEMENT |
| Title |
Letters, 1961-1968. |
| Statement of responsibility, etc |
Edited by Jurgen Fangmeier and Hinrich Stoevesandt ; translated and edited by Geoffrey W. Bromiley. |
| 260 ## - PUBLICATION, DISTRIBUTION, ETC. (IMPRINT) |
| Place of publication, distribution, etc |
Grand Rapids, MI., : |
| Name of publisher, distributor, etc |
William B. Eerdmans Publishing Co. |
| Date of publication, distribution, etc |
1981 |
| 300 ## - PHYSICAL DESCRIPTION |
| Extent |
xv, 382 p. ; |
| Dimensions |
24 cm. |
| 650 ## - SUBJECT ADDED ENTRY--TOPICAL TERM |
| Topical term or geographic name as entry element |
Barth, Karl, 1886-1968. |
| 650 ## - SUBJECT ADDED ENTRY--TOPICAL TERM |
| Topical term or geographic name as entry element |
Theologians |
| General subdivision |
Switzerland |
| -- |
Correspondence |
| 700 ## - ADDED ENTRY--PERSONAL NAME |
| Personal name |
Bromiley, Geoffrey William. |
| 700 ## - ADDED ENTRY--PERSONAL NAME |
| Personal name |
Fangmeier, Jurgen. |
| 700 ## - ADDED ENTRY--PERSONAL NAME |
| Personal name |
Stoevesandt, Hinrich. |
| 942 ## - ADDED ENTRY ELEMENTS (KOHA) |
| Source of classification or shelving scheme |
|
| Koha item type |
Books |